Classification and Biology of Insects/ by R.S. Chandel, R.S; Anil Jakhar and Himanshu Thakur (Record no. 50365)
[ view plain ]
| 000 -LEADER | |
|---|---|
| fixed length control field | 00557nam a22001817a 4500 |
| 003 - CONTROL NUMBER IDENTIFIER | |
| control field | OSt |
| 008 - FIXED-LENGTH DATA ELEMENTS--GENERAL INFORMATION | |
| fixed length control field | 260502b |||||||| |||| 00| 0 eng d |
| 020 ## - INTERNATIONAL STANDARD BOOK NUMBER | |
| International Standard Book Number | 9789364400916 |
| 082 ## - DEWEY DECIMAL CLASSIFICATION NUMBER | |
| Classification number | 595.7 |
| Item number | C36C |
| 100 ## - MAIN ENTRY--PERSONAL NAME | |
| Personal name | Chandel, R.S. |
| 245 ## - TITLE STATEMENT | |
| Title | Classification and Biology of Insects/ by R.S. Chandel, R.S; Anil Jakhar and Himanshu Thakur |
| 260 ## - PUBLICATION, DISTRIBUTION, ETC. (IMPRINT) | |
| Place of publication, distribution, etc | Ludhiana: |
| Name of publisher, distributor, etc | Kalyani Publishers; |
| 300 ## - PHYSICAL DESCRIPTION | |
| Extent | 256 p. |
| 650 ## - SUBJECT ADDED ENTRY--TOPICAL TERM | |
| Topical term or geographic name as entry element | Pure Sciences | Zoological sciences | Entomology | Insects |
| 700 ## - ADDED ENTRY--PERSONAL NAME | |
| Personal name | Jakhar , Anil |
| 700 ## - ADDED ENTRY--PERSONAL NAME | |
| Personal name | Thakur, Himanshu |
| 942 ## - ADDED ENTRY ELEMENTS (KOHA) | |
| Source of classification or shelving scheme | |
| Koha item type | Books |
| Withdrawn status | Lost status | Source of classification or shelving scheme | Damaged status | Not for loan | Home library | Current library | Shelving location | Date acquired | Source of acquisition | Cost, normal purchase price | Total Checkouts | Full call number | Barcode | Date last seen | Bill Date | Koha item type |
|---|---|---|---|---|---|---|---|---|---|---|---|---|---|---|---|---|
| Dr. Rajendra Prasad Central Agricultural University Pusa, | Dr. Rajendra Prasad Central Agricultural University Pusa, | General Stacks | 02/05/2026 | Kalyani Publishers, New Delhi | 350.00 | 595.7 C36C | 88497 | 02/05/2026 | 02/02/2026 | Books | ||||||
| Dr. Rajendra Prasad Central Agricultural University Pusa, | Dr. Rajendra Prasad Central Agricultural University Pusa, | General Stacks | 02/05/2026 | Kalyani Publishers, New Delhi | 350.00 | 595.7 C36C | 88498 | 02/05/2026 | 02/02/2026 | Books | ||||||
| Dr. Rajendra Prasad Central Agricultural University Pusa, | Dr. Rajendra Prasad Central Agricultural University Pusa, | General Stacks | 02/05/2026 | Kalyani Publishers, New Delhi | 350.00 | 595.7 C36C | 88499 | 02/05/2026 | 02/02/2026 | Books | ||||||
| Dr. Rajendra Prasad Central Agricultural University Pusa, | Dr. Rajendra Prasad Central Agricultural University Pusa, | General Stacks | 02/05/2026 | Kalyani Publishers, New Delhi | 350.00 | 595.7 C36C | 88500 | 02/05/2026 | 02/02/2026 | Books | ||||||
| Dr. Rajendra Prasad Central Agricultural University Pusa, | Dr. Rajendra Prasad Central Agricultural University Pusa, | General Stacks | 02/05/2026 | Kalyani Publishers, New Delhi | 350.00 | 595.7 C36C | 88501 | 02/05/2026 | 02/02/2026 | Books |